Movies Quiz

Random Movies or James Bond Quiz

Bond Actors Consonants Quiz Stats

 Plays Quiz Updated Nov 23, 2018

     
Support Sporcle.
Go Orange.
Score 0/11 Timer 00:30
6 Plays Today
% Correct
???
91.1%
???
84.5%
???
81.4%
???
73.3%
???
69%
???
68.3%
???
67.1%
???
67%
???
65.5%
???
54.3%
???
38.7%

From the Vault

Movie Cast Minesweeper

by bhenderson79

Movies 14m
This one is really blowing up at the box office.
Remove Ads.
Support Sporcle.
Get the best of Sporcle when you Go Orange. This ad-free experience offers more features, more stats, and more fun while also helping to support Sporcle. Thank you for becoming a member.

Show Comments

Extras

Top Quizzes Today


Score Distribution

Your Account Isn't Verified!

In order to create a playlist on Sporcle, you need to verify the email address you used during registration. Go to your Sporcle Settings to finish the process.

Report this User

Report this user for behavior that violates our Community Guidelines.

Details: